Urban public works in spatial equilibrium: Experimental evidence from Ethiopia (Record no. 527120)
[ view plain ]
| 000 -LEADER | |
|---|---|
| fixed length control field | 01183nam a22001457a 4500 |
| 008 - FIXED-LENGTH DATA ELEMENTS--GENERAL INFORMATION | |
| fixed length control field | 240805b ||||| |||| 00| 0 eng d |
| 100 ## - MAIN ENTRY--PERSONAL NAME | |
| Personal name | Franklin, S. et al |
| 245 ## - TITLE STATEMENT | |
| Title | Urban public works in spatial equilibrium: Experimental evidence from Ethiopia |
| 260 ## - PUBLICATION, DISTRIBUTION, ETC. (IMPRINT) | |
| Place of publication, distribution, etc | The American Economic Review |
| 300 ## - PHYSICAL DESCRIPTION | |
| Extent | 114(5), May, 2024: p.1382-1414 |
| 520 ## - SUMMARY, ETC. | |
| Summary, etc | This paper evaluates a large urban public works program randomly rolled out across neighborhoods of Addis Ababa, Ethiopia. We find the program increased public employment and reduced private labor supply among beneficiaries and improved local amenities in treated locations. We then combine a spatial equilibrium model and unique commuting data to estimate the spillover effects of the program on private sector wages across neighborhoods: under full program rollout, wages increased by 18.6 percent. Using our model, we show that welfare gains to the poor are six times larger when we include the indirect effects on private wages and local amenities.- Reproduced https://www.aeaweb.org/articles?id=10.1257/aer.20220471 |
| 773 ## - HOST ITEM ENTRY | |
| Main entry heading | The American Economic Review |
| 906 ## - LOCAL DATA ELEMENT F, LDF (RLIN) | |
| Subject DIP | URBAN DEVELOPMENT |
| 942 ## - ADDED ENTRY ELEMENTS (KOHA) | |
| Item type | Articles |
| Withdrawn status | Lost status | Source of classification or shelving scheme | Damaged status | Not for loan | Permanent location | Current location | Date acquired | Serial Enumeration / chronology | Barcode | Date last seen | Koha item type |
|---|---|---|---|---|---|---|---|---|---|---|---|
| Indian Institute of Public Administration | Indian Institute of Public Administration | 2024-08-05 | 114(5), May, 2024: p.1382-1414 | AR132568 | 2024-08-05 | Articles |
